00804nam a2200193 a 450000100100000000500170001000800410002704000250006810000250009324501010011826000690021930000170028849000580030570000270036370000330039083000650042395201050048899900170059300003864220201002031325.0130417s1985 dr 000 0 spa d aDO-SdBNPbspacBNPHU1 aSaéz, Miguel9298810aCurso de introducción a la filosofía /cMiguel Sáez, Ángel Moreta, Lucitania Martínez. aSanto Domingo :bUniversidad Autónoma de Santo Domingo,c1985. av. ;c29 cm.1 aPublicaciones de Universidad Autónoma de Santov4471 aMoreta, Ángel9121421 aMartínez, Lucitania964977 0aPublicaciones de Universidad Autónoma de Santov447964978 0010718PDaPDbPDcCTd2013-04-17iLF1l0o p38642-10r2020-06-25w2020-06-25yLFPDZNo se presta c38132d38132